Introduction to nanoelectronics : science, nanotechnology, engineering, and applications / (Record no. 8365)
[ view plain ]
| 000 -LEADER | |
|---|---|
| fixed length control field | 01172nac a22002411u 4500 |
| 020 ## - INTERNATIONAL STANDARD BOOK NUMBER | |
| International Standard Book Number | 0521881722 (hbk.) : |
| 020 ## - INTERNATIONAL STANDARD BOOK NUMBER | |
| International Standard Book Number | 9780521881722 (hbk.) : |
| 082 ## - DEWEY DECIMAL CLASSIFICATION NUMBER | |
| Classification number | 621.38122 |
| Item number | MIT |
| 090 ## - LOCALLY ASSIGNED LC-TYPE CALL NUMBER (OCLC); LOCAL CALL NUMBER (OCLC) | |
| -- | 8365 |
| -- | 8365 |
| 100 ## - MAIN ENTRY--PERSONAL NAME | |
| Personal name | Mitin, Vladimir V. |
| 245 ## - TITLE STATEMENT | |
| Title | Introduction to nanoelectronics : science, nanotechnology, engineering, and applications / |
| Remainder of title | science, nanotechnology, engineering, and applications / |
| Statement of responsibility, etc | Vladimir Mitin, Viatcheslav Kochelap, Michael A. Stroscio. |
| 260 ## - PUBLICATION, DISTRIBUTION, ETC. (IMPRINT) | |
| Place of publication, distribution, etc | Cambridge : |
| Name of publisher, distributor, etc | Cambridge University Press, 2008. |
| Date of publication, distribution, etc | c2008. |
| 300 ## - PHYSICAL DESCRIPTION | |
| Extent | xv, 329 p. : |
| Other physical details | ill. ; |
| Dimensions | 25 cm. |
| 500 ## - GENERAL NOTE | |
| General note | Includes index. |
| 500 ## - GENERAL NOTE | |
| General note | Distributer: Al-Ahram |
| 511 ## - PARTICIPANT OR PERFORMER NOTE | |
| Participant or performer note | Catalogued by: Sara |
| 650 ## - SUBJECT ADDED ENTRY--TOPICAL TERM | |
| Topical term or geographic name as entry element | Nanoelectronics. |
| 700 ## - ADDED ENTRY--PERSONAL NAME | |
| Personal name | Kochelap, V. A. |
| Fuller form of name | Vi& |
| -- | 865;acheslav Aleksandrovich Kochelap |
| 700 ## - ADDED ENTRY--PERSONAL NAME | |
| Personal name | Stroscio, Michael A., |
| Dates associated with a name | 1949- |
| 942 ## - ADDED ENTRY ELEMENTS (KOHA) | |
| Item type | Book - Borrowing |
| Call number prefix | 621.38122 MIT |
| Withdrawn status | Item status | Damaged status | Not for loan | Home library | Current library | Shelving location | Date acquired | Source of acquisition | Total Checkouts | Full call number | Barcode | Checked out | Date last seen | Date last borrowed | Koha item type | Source of classification or shelving scheme | Vendor | Cost, normal purchase price | Serial Enumeration / chronology |
|---|---|---|---|---|---|---|---|---|---|---|---|---|---|---|---|---|---|---|---|
| Central Library | Central Library | First floor | 05/03/2008 | Purchase | 2 | 621.38122 MIT | 000010153 | 06/05/2012 | 05/04/2012 | 05/04/2012 | Book - Borrowing | ||||||||
| Central Library | Central Library | First floor | 18/02/2010 | 621.38122 MIT | 000019928 | 15/07/2025 | Book - Borrowing | Dewey Decimal Classification | Alahram | 418.00 | 29 |